| 000 | 00402nam a22001337a 4500 | ||
|---|---|---|---|
| 003 | OSt | ||
| 082 |
_a631.587 _bRIY/F |
||
| 088 | _aT 493 | ||
| 100 |
_aRiyola P George _94908 |
||
| 245 | _aFlood frequency analysis and modelling of flood using HEC-HMS for a river basin - A case study | ||
| 260 |
_aTavanur _bDept of Irrigation and Drainage Engineering, KCAET _c2020 |
||
| 700 | _aAsha Joseph | ||
| 942 | _cTH | ||
| 999 |
_c17305 _d17305 |
||